Statistics for All Highway Exits on A3(Italy)

Click here to take the quiz!

General Stats

  • This quiz has been taken 3 times
  • The average score is 10 of 18

Answer Stats

RegionExit% Correct
CampaniaNapoli centro – porto
100%
CampaniaSalerno centro
100%
CampaniaSan Giorgio a Cremano nord
100%
CampaniaSan Giorgio a Cremano sud
100%
CampaniaTorre Annunziata nord
100%
CampaniaTorre Annunziata sud
100%
CampaniaTorre del Greco
100%
CampaniaAngri
50%
CampaniaCastellammare di Stabia
50%
CampaniaNapoli San Giovanni
50%
CampaniaPortici
50%
CampaniaPortici/Ercolano
50%
CampaniaAngri sud
0%
CampaniaCava de’ Tirreni
0%
CampaniaErcolano Scavi
0%
CampaniaPompei est/Scafati
0%
CampaniaPompei ovest
0%
CampaniaVietri sul Mare
0%

Score Distribution

Percentile by Number Answered

Percent of People with Each Score

Your Score History

You have not taken this quiz